000
00329nam a2200133Ia 4500
008
230818s1989 xx 000 0 und d
041
_a
eng
100
_a
Parker
245
_a
Wine Buyers Giide
260
_b
Dorling pub.
_c
1989
300
_a
800p
520
_a
Hard Board | Reference Copy
999
_c
854441
_d
854441
650
_a
Food and Beverage service